[Event "Lovsprings op 05th C"]
[Site "Ringsted"]
[Date "1993.04.01"]
[Round "1"]
[White "Larsen, Ole"]
[Black "Olsen, Lars Byrge"]
[Result "0-1"]
[WhiteElo "1507"]
[BlackElo "1620"]
[PlyCount "38"]
[EventDate "1993.03.26"]
[EventType "swiss"]
[EventRounds "7"]
[EventCountry "DEN"]
[SourceTitle "EXT 2023"]
[Source "ChessBase"]
[SourceDate "2022.10.05"]
[SourceVersion "1"]
[SourceVersionDate "2022.10.05"]
[SourceQuality "1"]

1. e4 e5 2. Nf3 Nc6 3. Bc4 Nf6 4. Ng5 Bc5 5. Nxf7 Bxf2+ 6. Kf1 Qe7 7. Nxh8 d5 8. exd5 Bg4 9. Be2 Bxe2+ 10. Qxe2 Nd4 11. Qc4 0-0-0 12. Ng6 hxg6 13. Na3 Rf8 14. c3 Ng4 15. cxd4 exd4 16. Nc2 Bg3+ 17. Kg1 Nxh2 18. Rxh2 Bxh2+ 19. Kxh2 Qh4+ 0-1